Japanese-English dictionary of economic terms = Keizai yōgo Wa-Ei jiten /

Saved in:
Bibliographic Details
Corporate Author: Tōyō Keizai Shinpōsha.
Format: Book
Language:Japanese
Published: [Tōkyō] : Tōyō Keizai Shinpōsha, 1963.
Subjects:
Tags: Add Tag
No Tags, Be the first to tag this record!
LEADER 01549nam a2200337 a 4500
001 007743390-4
005 20024617115958.0
008 910130s1963 ja d 000 0 jpn d
010 |a j 64001500 
035 0 |a ocm23030641 
035 0 |a ocm23030641  |z ocm06656679  |z ocm23911225  |z ocm25337627 
040 |a KyU  |c KyU  |d OCoLC  |d MdFmN  |d *YNH*  |d CStRLIN 
041 0 |a jpneng 
110 2 |6 880-01  |a Tōyō Keizai Shinpōsha. 
245 1 0 |6 880-02  |a Japanese-English dictionary of economic terms =  |b Keizai yōgo Wa-Ei jiten /  |c [Tōyō Keizai Shinpōsha] Orientaru ekonomisuto hen. 
260 |6 880-03  |a [Tōkyō] :  |b Tōyō Keizai Shinpōsha,  |c 1963. 
300 |a 546, 80 p. ;  |c 18 cm. 
500 |a Label on colophon: Japan Publications Trading Co. Rutland, VT., U.S.A. & Tokyo, Japan. 
500 |a Cover title: The Oriental Economist's Japanese English Dictionary of Economic Terms. 
500 |a Text in Japanese and English. 
650 0 |a Economics  |x Dictionaries  |x Japanese. 
650 0 |a Japanese language  |v Dictionaries  |x English. 
730 0 |a Oriental economist. 
740 0 |6 880-04  |a Keizai yōgo Wa-Ei jiten. 
740 0 |a Oriental Economist's Japanese English Dictionary of Economic Terms. 
880 2 |6 110-01  |a 東洋経済新報社. 
880 1 0 |6 245-02  |a Japanese-English dictionary of economic terms =  |b 経済用語和英辞典 /  |c [東洋経済新報社]オリエンタル・エコノミスト編. 
880 |6 260-03  |a [東京]:  |b 東洋経済新報社,  |c 1963. 
880 0 |6 740-04  |a 経済用語和英辞典. 
988 |a 20021214 
906 |0 OCLC